书目信息 |
| 题名: |
谁是最可爱的人
|
|
| 作者: | 魏巍, 著 ;魏猛 选编 | |
| 分册: | ||
| 出版信息: | 西宁 青海人民出版社 2021.06 |
|
| 页数: | 275页 | |
| 开本: | 21cm | |
| 丛书名: | 时代记忆文丛 | |
| 单 册: | ||
| 中图分类: | I253 | |
| 科图分类: | ||
| 主题词: | 报告文学--bao gao wen xue--作品集--中国--当代 | |
| 电子资源: | ||
| ISBN: | 978-7-225-06154-2 | |
| 000 | 01241nam 2200289 450 | |
| 001 | CAL 0120217215802 | |
| 005 | 20210805144751.8 | |
| 010 | @a978-7-225-06154-2@b精装@dCNY56.00 | |
| 100 | @a20210803d2021 em y0chiy0120 ea | |
| 101 | 0 | @achi |
| 102 | @aCN@b630000 | |
| 105 | @ay z 000zy | |
| 106 | @ar | |
| 200 | 1 | @a谁是最可爱的人@Ashui shi zui ke ai de ren@e魏巍作品精选@f魏巍著@g魏猛选编 |
| 210 | @a西宁@c青海人民出版社@d2021.06 | |
| 215 | @a275页@d21cm | |
| 225 | 2 | @a时代记忆文丛@Ashi dai ji yi wen cong |
| 314 | @a魏巍, 1942, 创作长诗《黎明的风景》。1938年, 进入延安抗日军政大学。1951年4月11日, 在《人民日报》刊登通讯《谁是最可爱的人》, 在全国引起了广泛反响等。 | |
| 330 | @a本书精选了魏巍的《谁是最可爱的人》《朝鲜同志》《寄故乡》《我的老师》等作品, 作者以饱含深情和诗意的笔触, 以一个个抗美援朝战场上惊天动地的英雄事迹, 表现了中国人民志愿军光照日月的崇高心灵, 歌颂了中朝两国人民的血肉情谊。 | |
| 410 | 0 | @12001 @a时代记忆文丛 |
| 517 | 1 | @a魏巍作品精选@Awei wei zuo pin jing xuan |
| 606 | 0 | @a报告文学@Abao gao wen xue@x作品集@y中国@z当代 |
| 690 | @aI253@v5 | |
| 701 | 0 | @a魏巍,@Awei wei@f1920-2008@4著 |
| 702 | 0 | @a魏猛@Awei meng@4选编 |
| 801 | 0 | @aCN@b人天书店@c20210803 |
| 905 | @aTSG@b0001418@dI253@eW602@f2 | |
| 谁是最可爱的人:魏巍作品精选/魏巍著/魏猛选编.-西宁:青海人民出版社,2021.06 |
| 275页;21cm.-(时代记忆文丛) |
| ISBN 978-7-225-06154-2(精装):CNY56.00 |
| 本书精选了魏巍的《谁是最可爱的人》《朝鲜同志》《寄故乡》《我的老师》等作品, 作者以饱含深情和诗意的笔触, 以一个个抗美援朝战场上惊天动地的英雄事迹, 表现了中国人民志愿军光照日月的崇高心灵, 歌颂了中朝两国人民的血肉情谊。 |
| ● |
| 相关链接 |
|
|
|
正题名:谁是最可爱的人
索取号:I253/W602
 
预约/预借
| 序号 | 登录号 | 条形码 | 馆藏地/架位号 | 状态 | 备注 |
| 1 | 1536956 | 215369562 | 文学库108/108文学库 67排4列4层/ [索取号:I253/W602] | 在馆 | |
| 2 | 1536957 | 215369571 | 文学库108/108文学库 67排4列4层/ [索取号:I253/W602] | 在馆 |